| Tag |
First Indicator |
Second Indicator |
Subfields |
| LEADER |
00000cam a2200000 a 4500 |
| 001 |
in00001007385 |
| 005 |
20150927215154.0 |
| 008 |
900622s1991 nyu b 00110 eng |
| 010 |
|
|
|a 90004973
|
| 020 |
|
|
|a 0866569111 :
|c $29.95
|
| 035 |
|
|
|a (OCoLC)21973766
|
| 035 |
|
|
|9 AFD5815AM
|
| 040 |
|
|
|a DLC
|c DLC
|d UtOrBLW
|
| 043 |
|
|
|a n-usu--
|
| 049 |
|
|
|a TXAM
|
| 082 |
0 |
0 |
|a 305.9/0664
|2 20
|
| 090 |
|
|
|a HQ76.3.U5
|b S43 1991
|
| 100 |
1 |
|
|a Sears, James T.
|q (James Thomas),
|d 1951-
|
| 245 |
1 |
0 |
|a Growing up gay in the South :
|b race, gender, and journeys of the spirit /
|c James T. Sears.
|
| 264 |
|
1 |
|a New York :
|b Haworth Press,
|c [1991]
|
| 264 |
|
4 |
|c ©1991
|
| 300 |
|
|
|a xviii, 530 pages ;
|c 23 cm.
|
| 336 |
|
|
|a text
|b txt
|2 rdacontent
|
| 337 |
|
|
|a unmediated
|b n
|2 rdamedia
|
| 338 |
|
|
|a volume
|b nc
|2 rdacarrier
|
| 490 |
1 |
|
|a Haworth series in gay & lesbian studies ;
|v v. 4
|
| 504 |
|
|
|a Includes bibliographical references (pages 465-524) and indexes.
|
| 650 |
|
0 |
|a Gay teenagers
|z Southern States.
|
| 650 |
|
0 |
|a Homosexuality
|z Southern States
|x Case studies.
|
| 650 |
|
0 |
|a Homosexuality
|x Religious aspects
|x Christianity.
|
| 830 |
|
0 |
|a Haworth series in gay & lesbian studies ;
|v v. 4.
|
| 999 |
|
|
|a MARS
|
| 999 |
f |
f |
|s 93bb4bac-f572-30d0-9a51-f78a7d81d22e
|i 1d1ae5c4-6d6b-3253-b606-1d15b6225883
|t 0
|
| 952 |
f |
f |
|p ric
|a Texas A&M University
|b Rellis Campus
|c Joint Library Facility
|d Remote Storage
|t 0
|e HQ76.3.U5 S43 1991
|h Library of Congress classification
|i unmediated -- volume
|m A14814340469
|
| 952 |
f |
f |
|p noncirc
|a Texas A&M University
|b J.J. Pickle Campus
|c High Density Repository
|d Remote Storage
|t 0
|e HQ76.3.U5 S43 1991
|h Library of Congress classification
|i unmediated -- volume
|m A1485326951B
|
| 998 |
f |
f |
|a HQ76.3.U5 S43 1991
|t 0
|l Remote Storage
|
| 998 |
f |
f |
|a HQ76.3.U5 S43 1991
|t 0
|l Remote Storage
|